11. Festival internazionale di film con tematiche omosessuali : Torino, 15-21 aprile 1996.
সংরক্ষণ করুন:
| সংস্থা লেখক: | |
|---|---|
| বিন্যাস: | কনফারেন্স প্রসিডিং গ্রন্থ |
| ভাষা: | ইতালিয় ইংরেজি |
| প্রকাশিত: |
Torino :
L'altra comunicazione,
[1996]
|
| ট্যাগগুলো: |
কোনো ট্যাগ নেই, প্রথমজন হিসাবে ট্যাগ করুন!
|
MARC
| LEADER | 00000nam a22000007i 4500 | ||
|---|---|---|---|
| 001 | IT\ICCU\URB\0229038 | ||
| 003 | ItRI | ||
| 005 | 20260115232215.0 | ||
| 008 | 071115s1996 it |||||| ||||| |||||c | ||
| 040 | |b ita |c importazione bologna sebina | ||
| 041 | 7 | |a ita |a eng |2 ISO-639-2 | |
| 111 | 2 | |a Festival internazionale di film con tematiche omosessuali |n (11. : |d 1996 : |c Torino) |0 IT\ICCU\TO0V\557385 | |
| 245 | 0 | 0 | |a 11. Festival internazionale di film con tematiche omosessuali : |b Torino, 15-21 aprile 1996. |
| 260 | |a Torino : |b L'altra comunicazione, |c [1996] | ||
| 300 | |a 232 p. : |b ill. ; |c 21 x 21 cm | ||
| 500 | |a Titolo della copertina | ||
| 500 | |a Sulla copertina: Da Sodoma a Hollywood | ||
| 942 | |2 ddc |c BK |n 0 | ||
| 952 | |0 0 |1 0 |4 0 |6 DOC_791_436000000000000_FES |7 0 |9 21985 |a BO |b BO |d 2026-01-15 |i 3724 |l 0 |o DOC 791.436 FES |p BO3724 |r 2026-01-15 23:22:15 |w 2026-01-15 |x [Sebina 5] [1 v. (2. copia)] |y BK |z 1 v. (2. copia) | ||
| 952 | |0 0 |1 0 |4 0 |6 DOC_791_436000000000000_FES |7 0 |9 21986 |a BO |b BO |d 2026-01-15 |i 3563 |l 0 |o DOC 791.436 FES |p BO3563 |r 2026-01-15 23:22:15 |w 2026-01-15 |x [Sebina 7] [1 v.] |y BK |z 1 v. | ||
| 952 | |0 0 |1 0 |4 0 |6 DOC_791_436000000000000_FES |7 0 |9 21987 |a BO |b BO |d 2026-01-15 |i 13264 |l 0 |o DOC 791.436 FES |p BO13264 |r 2026-01-15 23:22:15 |w 2026-01-15 |x [Sebina 7] [1 v. (4. copia)] |y BK |z 1 v. (4. copia) | ||
| 952 | |0 0 |1 0 |4 0 |6 DOC_791_436000000000000_FES |7 0 |9 21988 |a BO |b BO |d 2026-01-15 |i 5240 |l 0 |o DOC 791.436 FES |p BO5240 |r 2026-01-15 23:22:15 |w 2026-01-15 |x [Sebina 5] [1 v. (3. copia)] |y BK |z 1 v. (3. copia) | ||
| 999 | |c 18799 |d 18799 | ||